000 00735nam a2200229Ia 4500
008 191130s2007##################000#0#eng##
020 _a9780521861700
022 _a2007295301
040 _aACL
_cACL
082 _a332.015195 COR
100 _aCornuejols, Gerard
245 _aOptimization methods in finance
_cGerard Cornuejols, Reha Tütüncü
260 _aCambridge
_bCambridge University Press
_c2007
300 _axii, 345 p. : ill. ; 26 cm.
500 _aIncludes bibliographical references (p. 338-341) and index
650 _aFinance - Mathematical models
650 _aMathematical optimization
700 _aTütüncü, Reha
990 _a14a3cab7ac10000c28e94715358e20db
991 _a142490
999 _c28241
_d28241